All NBA Youngboy Songs - Statistics

General Stats
  • This quiz has been taken 1,209 times
    719 since last reset
  • The average score is 78 of 489
Answer Stats
Album Song % Correct
Top F**k Ya!
69%
Lost Files Doctor
51%
Until Death Call My Name Outside Today
51%
Until Death Call My Name: Reloaded Genie
48%
AI Youngboy 2 Make No Sense
48%
Sincerely, Kentrell Nevada
47%
38 Baby 38 Baby
46%
Still Flexin, Still Steppin Lil Top
46%
Single House Arrest Tingz
43%
Mind of a Menace 2 Murder
43%
Mind of a Menace 3 Murder (Remix)
43%
A.I. YoungBoy Untouchable
42%
Top All In
41%
I Rest My Case Black
41%
Realer Slime Belief
41%
Richest Opp B***h Let's Do It
40%
Top Kacey Talk
40%
Top Right Foot Creep...
40%
Top House Arrest Tingz
39%
The Last Slimeto | The Last Slimeto Sampler I Hate YoungBoy
39%
A.I. YoungBoy No Smoke
39%
Mind of a Menace 3 Life
38%
AI Youngboy 2 Lonely Child
38%
Colors No Switch
38%
AI Youngboy 2 Ranada
37%
I Rest My Case Red
37%
Realer Valuable Pain
37%
Sincerely, Kentrell Bad Morning
36%
Top Dead Trollz
36%
Top Drug Addiction
35%
The Last Slimeto F**k Da Industry
35%
AI Youngboy 2 Self Control
35%
38 Baby Gravity
34%
Lost Files Murda Bizness
34%
Top Murder Business
34%
Master the Day of Judgement Over
34%
AI Youngboy 2 In Control
33%
Until Death Call My Name Solar Eclipse
33%
Still Flexin, Still Steppin Bad Bad
32%
AI Youngboy 2 Carter Son
32%
Realer Cross Me
32%
AI Youngboy 2 Hot Now
32%
The Last Slimeto I Know
32%
The Last Slimeto Vette Motors
32%
New Single #3 Green Dot
31%
Sincerely, Kentrell Life Support
31%
Until Death Call My Name: Reloaded Through the Storm
31%
Don't Try This at Home Big Truck
30%
Colors Bring the Hook
30%
Colors Fish Scale
30%
AI Youngboy 2 Slime Mentality
30%
Richest Opp F**k the Industry Pt. 2
29%
A.I. YoungBoy Graffiti
29%
Until Death Call My Name Overdose
29%
Realer 2 Put It on Me
29%
Top Cross Roads
28%
Realer I Came Thru
28%
Top My Window
28%
A.I. YoungBoy No. 9
28%
Decided No Love
28%
Realer Survivor
28%
Don't Try This at Home War
28%
A.I. YoungBoy GG
27%
4Freedom Drawing Symbols
26%
Colors Emo Rockstar
26%
Decided Murda
26%
Decided No Mentions
26%
Life Before Fame | Until Death Call My Name Preach
26%
Kane & O-Dog Smoke
26%
Sincerely, Kentrell 50 Shots
25%
Don't Try This at Home Mr Gaulden
25%
Sincerely, Kentrell No Where
25%
Master the Day of Judgement Akbar
24%
Single #2 Bandit
24%
Top Callin
24%
Colors Emo Love
24%
New Single Late to da Party (F*CK BET)
24%
Still Flexin, Still Steppin Red Eye
24%
Sincerely, Kentrell Sincerely
24%
AI Youngboy 2 Time I'm On
24%
Sincerely, Kentrell White Teeth
24%
Ain't Too Long You the One
24%
Until Death Call My Name Diamond Teeth Samurai
23%
Top Dirty Stick
23%
AI Youngboy 2 Free Time
23%
Realer 2 Fresh Prince of Utah
23%
Top I'm Up
23%
Lost Files Nurse
23%
Top Off Season
23%
AI Youngboy 2 Rebel's Kick It
23%
AI Youngboy 2 Rich As Hell
23%
Until Death Call My Name: Reloaded R.I.P
23%
Top To My Lowest
23%
The Last Slimeto Umm Hmm
23%
Sincerely, Kentrell Break or Make Me
22%
Colors Bring It On
22%
4Freedom Change (4 Freedom)
22%
AI Youngboy 2 Gang Sh*t
22%
Top Sticks with Me
22%
Top The Last Backyard...
22%
Sincerely, Kentrell Toxic Punk
22%
4Respect TTG
22%
Ain't Too Long War with Us
22%
AI Youngboy 2 Where the Love At
22%
The Last Slimeto | The Last Slimeto Sampler 4KT Baby
21%
Until Death Call My Name Astronaut Kid
21%
Mind of a Menace 3 Bet
21%
Top Big Bankroll
21%
Before I Go Change
21%
38 Baby 2 Diamonds
21%
Realer Dope Lamp
21%
4Respect I Am Who They Say I Am
21%
AI Youngboy 2 I Don't Know
21%
Colors Know Like I Know
21%
Sincerely, Kentrell On My Side
21%
Top Peace Hardly
21%
AI Youngboy 2 Seeming Like It
21%
Richest Opp Slider
21%
Colors Snow Bunny
21%
38 Baby 2 Ten Talk
21%
Top Boom
20%
Lost Files Dangerous
20%
Colors Dis & That
20%
Colors Gangsta
20%
The Last Slimeto | The Last Slimeto Sampler I Got the Bag
20%
Don't Try This at Home Like Madden
20%
Until Death Call My Name: Reloaded Love Is Poison
20%
Don't Try This at Home Out Nothing
20%
Realer 2 Purge Me
20%
Top Reaper's Child
20%
Decided Sky Cry
20%
Colors 2Hoo
19%
Realer 38 Heights
19%
Realer Beam Effect
19%
Realer 2 Dangerous Love
19%
Colors DC Marvel
19%
Richest Opp Dirty Thug
19%
The Last Slimeto Free Dem 5's
19%
AI Youngboy 2 Head Blown
19%
Sincerely, Kentrell Hold Me Down
19%
The Last Slimeto | The Last Slimeto Sampler Holy
19%
The Last Slimeto Home Ain't Home
19%
Sincerely, Kentrell Kickstand
19%
The Last Slimeto | The Last Slimeto Sampler Loner Life
19%
Ain't Too Long Red Rum
19%
Sincerely, Kentrell Smoke Strong
19%
The Last Slimeto | The Last Slimeto Sampler Wagwan
19%
Don't Try This at Home 1.5
18%
Decided Deceived Emotions
18%
BETTER THAN YOU Hit
18%
Colors I Got This
18%
Richest Opp I Want His Soul
18%
The Last Slimeto Kamikaze
18%
The Last Slimeto Lost Soul Survivor
18%
BETTER THAN YOU Neighborhood Superstar
18%
AI Youngboy 2 Outta Here Safe
18%
Still Flexin, Still Steppin RIP Lil Phat
18%
The Last Slimeto Top Sound
18%
Until Death Call My Name We Poppin
18%
Don't Try This at Home WTF
18%
The Last Slimeto | The Last Slimeto Sampler Acclaimed Emotions
17%
Still Flexin, Still Steppin Bat Man
17%
BETTER THAN YOU Bestie
17%
Sincerely, Kentrell Forgiato
17%
Richest Opp Free Meechy
17%
Lost Files HTAFL
17%
38 Baby I Ain't Hiding
17%
Sincerely, Kentrell I Can't Take It Back
17%
Richest Opp I Heard
17%
Still Flexin, Still Steppin Long RD
17%
Life Before Fame N.B.A
17%
Road to Fast 9 One Shot
17%
The Last Slimeto | The Last Slimeto Sampler The North Bleeding
17%
Sincerely, Kentrell Baddest Thing
16%
Realer 2 Bloody Night
16%
Colors Cage Feeling
16%
Don't Try This at Home Choppa Docter
16%
Single #4 Death Enclaimed
16%
A.I. YoungBoy Dedicated
16%
Decided Demon Seed
16%
Colors Expensive Taste
16%
Don't Try This at Home Grave Digga
16%
Don't Try This at Home Hustle
16%
Colors Long Live
16%
The Last Slimeto | The Last Slimeto Sampler Mr. Grim Reaper
16%
The Last Slimeto My Go To
16%
Don't Try This at Home Rear View
16%
Don't Try This at Home Slimeto
16%
Colors Smoke One
16%
Realer 2 Tell Me
16%
Realer Thug N***a Life
16%
Until Death Call My Name Traumatized
16%
The Last Slimeto 7 Days
15%
Decided Black Cloud
15%
38 Baby 2 Bout My Business
15%
Don't Try This at Home Cemetery Lifestyle
15%
Richest Opp Channel 9
15%
Realer 2 DentHead
15%
Still Flexin, Still Steppin Fine by Time
15%
The Last Slimeto | The Last Slimeto Sampler Ghost
15%
Fed Baby's | Life Before Fame | Mind of a Menace Homicide
15%
Colors How You Been
15%
Richest Opp I Got That Sh*t
15%
Sincerely, Kentrell Level I Want to Reach
15%
Realer My Mama Say
15%
Realer 2 Never Lie
15%
Sincerely, Kentrell Panoramic
15%
Richest Opp Perspective
15%
Realer Play wit Us
15%
Lost Files Rich N****
15%
Until Death Call My Name: Reloaded Rich N***a
15%
Sincerely, Kentrell Rich Sh*t
15%
Master the Day of Judgement Rock and Roll
15%
Nobody Safe Sex
15%
Master the Day of Judgement Show Me Your Love
15%
Decided 338
14%
Still Flexin, Still Steppin Call Me Late
14%
The Last Slimeto Digital
14%
The Last Slimeto Don't Rate Me
14%
38 Baby Down Chick
14%
Richest Opp Father
14%
Colors Foolish Figure
14%
A.I. YoungBoy Have You Ever
14%
38 Baby 2 I Choose You
14%
Don't Try This at Home Morning
14%
Lost Files Ms. Alinda
14%
Sincerely, Kentrell My Killa
14%
The Last Slimeto My Time
14%
Still Flexin, Still Steppin No Understand
14%
Realer 2 Poppin Sh*t
14%
The Last Slimeto Proof
14%
The Last Slimeto Swerving
14%
3860 Want Me Dead
14%
Realer 2 You Knew
14%
Sincerely, Kentrell All I Need
13%
Decided Anomaly
13%
Ain't Too Long Better Man
13%
Realer Big Talk
13%
Before I Go Dream
13%
Don't Try This at Home Head Shot
13%
38 Baby Hell & Back
13%
The Last Slimeto Hold Your Own
13%
Realer 2 I'm the One
13%
3860 My Friend
13%
The Last Slimeto | The Last Slimeto Sampler Nightfall
13%
4Loyalty Nobody Hold Me
13%
Until Death Call My Name Public Figure
13%
Until Death Call My Name Rags to Riches
13%
Until Death Call My Name Right or Wrong
13%
38 Baby 2 Shadows
13%
Realer 2 Shotta Soul
13%
The Last Slimeto Slow Down
13%
A.I. YoungBoy Twilight
13%
Until Death Call My Name Villain
13%
Mind of a Menace 3 Watchu Sayin
13%
BETTER THAN YOU WiFi
13%
38 Baby 2 Win Your Love
13%
Lost Files 4KT Freestyle
12%
38 Baby 2 Ain't Easy
12%
Realer 2 Boot Up
12%
Don't Try This at Home By Myself
12%
Master the Day of Judgement Eli
12%
Still Flexin, Still Steppin Gunsmoke
12%
Realer 2 I Don't Like It
12%
Don't Try This at Home I Is That
12%
Never Broke Again Presents: Green Flag Activity, Vol. 2 I Need to Know
12%
Still Flexin, Still Steppin Knocked Off
12%
A.I. YoungBoy Left Hand Right Hand
12%
3860 Loaded
12%
I Rest My Case Louie V
12%
A.I. YoungBoy Murda Gang
12%
38 Baby 2 Nawfside
12%
Still Flexin, Still Steppin Okay
12%
Richest Opp Slimes Go Where I Go
12%
Still Flexin, Still Steppin Suited Panamera
12%
Realer 2 Survive
12%
BETTER THAN YOU Syracuse
12%
A.I. YoungBoy Trappin
12%
4Freedom We Dem
12%
Until Death Call My Name Worth It
12%
Nobody Safe Bankroll
11%
I Rest My Case B***h Yeah
11%
Lost Files Broken Hearted
11%
Richest Opp Chopstick
11%
Ain't Too Long Confidential
11%
Ain't Too Long Coordination
11%
Colors Flossin
11%
Don't Try This at Home Got One
11%
38 Baby H.A.M
11%
Lost Files Hey Now
11%
Don't Try This at Home Homicide Pt. 2
11%
38 Baby 2 I-10 Baby
11%
Lost Files I Thought
11%
Richest Opp Just Flow
11%
Don't Try This at Home Pistol Totting
11%
38 Baby Ride Out
11%
38 Baby 2 Rough Ryder
11%
Don't Try This at Home Take Down
11%
Ain't Too Long Thug Alibi
11%
Lost Files Time Flow
11%
I Rest My Case Top Girls
11%
Don't Try This at Home Bangin My Line
10%
Don't Try This at Home Cold Killers
10%
Don't Try This at Home Don't Leave
10%
I Rest My Case Double Cup
10%
Before I Go: Reloaded | Mind of a Menace 2 Fact
10%
I Rest My Case Fight with My Sheets
10%
Master the Day of Judgement Get Right
10%
3860 Give Me a Sign
10%
I Rest My Case Groovy
10%
I Rest My Case Hey Pops
10%
Before I Go How to Love
10%
Life Before Fame | Mind of a Menace | Mind of a Menace 2 Intro
10%
Richest Opp I Shot Cupid
10%
3860 It's On
10%
Before I Go Kickin Sh*t
10%
Before I Go Moral
10%
Nobody Safe Nobody Safe
10%
Don't Try This at Home No Rubber
10%
Don't Try This at Home Off the Lean
10%
Lost Files On a Boat
10%
BETTER THAN YOU On This Line
10%
I Rest My Case Rage
10%
A.I. YoungBoy Ride On Em
10%
4Loyalty RIP Dump
10%
Until Death Call My Name: Reloaded Run It Up
10%
Don't Try This at Home Run the Hood
10%
Mind of a Menace 3 Stepped On
10%
I Rest My Case Swag on Point
10%
4Loyalty This For The
10%
Lost Files Time Out
10%
Don't Try This at Home Trust Issues
10%
BETTER THAN YOU Turbo
10%
A.I. YoungBoy Wat Chu Gone Do
10%
Richest Opp What You Gonna Do
10%
Don't Try This at Home What You Say
10%
38 Baby 2 Al Nash
9%
BETTER THAN YOU BBL
9%
Nobody Safe Body Bag
9%
I Rest My Case Clear
9%
BETTER THAN YOU Creeper
9%
Single #3 Dirty Iyanna
9%
Master the Day of Judgement Everyday
9%
BETTER THAN YOU Head Off
9%
38 Baby How I Live
9%
Still Flexin, Still Steppin How You Want It
9%
3860 I Swear
9%
BETTER THAN YOU Little to a Lot
9%
Don't Try This at Home Loaded Now
9%
3860 Million Dollar Kid
9%
I Rest My Case Mini Me
9%
Don't Try This at Home No Lease
9%
I Rest My Case Not My Friend
9%
Lost Files Perc 10
9%
4Loyalty Permanent Scar
9%
38 Baby 2 Pick from Pain
9%
I Rest My Case Ride Me
9%
Never Broke Again Presents: Green Flag Activity, Vol. 2 Slump
9%
The Last Slimeto Stay the Same
9%
38 Baby 2 Thug of Spades
9%
Decided Top Down
9%
Master the Day of Judgement Yessir
9%
Mind of a Menace 3 All I Want
8%
Don't Try This at Home Another Dead
8%
Nobody Safe Automatic
8%
Nobody Safe Brown Hair
8%
Mind of a Menace 3 Can't Stop Won't Stop
8%
3860 Casket Talk
8%
BETTER THAN YOU Count On Me
8%
A.I. YoungBoy Dark Into Light
8%
38 Baby 2 Fire Stars
8%
Before I Go GSG
8%
Lost Files I Love It
8%
I Rest My Case Just Like Me
8%
Mind of a Menace 3: Reloaded Just Made a Play
8%
38 Baby Like Me
8%
Lost Files Michael Corleone
8%
38 Baby 2 On the Rest
8%
Ain't Too Long Pour One
8%
Before I Go So Long
8%
Don't Try This at Home Spin&Ben'n
8%
Lost Files Temporary Time
8%
Until Death Call My Name: Reloaded Thug Cry
8%
38 Baby 2 Top Files
8%
I Rest My Case Top Haters
8%
38 Baby 2 Treat You Better
8%
38 Baby What I Was Taught
8%
Before I Go: Reloaded | Mind of a Menace 2 Win or Lose
8%
4Respect 2 Hands
7%
Before I Go: Reloaded | Mind of a Menace 2 Bandz
7%
A.I. YoungBoy Came From
7%
Nobody Safe Can't Let the World In
7%
Mind of a Menace 3 Changed
7%
4Respect Head On
7%
I Rest My Case I Love YB Skit
7%
3860 Keep Me Dry
7%
Lost Files Locked & Loaded
7%
38 Baby My Kind of Night
7%
I Rest My Case Same Thing
7%
Nobody Safe Sorry Momma
7%
New Single Soul Stealer
7%
Lost Files Steady
7%
38 Baby They Ain't with Me
7%
38 Baby Up in Blood
7%
Fed Baby's Acquittal
6%
Mind of a Menace 3 Ain't Playin
6%
3860 At the Top
6%
Mind of a Menace 3: Reloaded Blowin' Up
6%
Fed Baby's Change Partners
6%
38 Baby For It
6%
Before I Go: Reloaded | Mind of a Menace 2 How We Play It
6%
Kane & O-Dog My Hittaz
6%
Nobody Safe No Flash
6%
Fed Baby's Pleading the Fifth
6%
Fed Baby's Preliminary Hearing
6%
Nobody Safe Rings On
6%
4Freedom Run in Here
6%
Nobody Safe So Sorry
6%
Fed Baby's Tampering with Evidence
6%
Nobody Safe Woke Up
6%
FAST X (Original Motion Picture Soundtrack) Won't Back Down
6%
Decided Big 38
5%
Fed Baby's Collateral Damage
5%
Fed Baby's Contempt of Court
5%
Nobody Safe Doors Up
5%
Mind of a Menace F**k the Fame
5%
Fed Baby's Mandatory Drug Test
5%
3860 No Mercy
5%
Nobody Safe Took a Risk
5%
New Single #2 What That Speed Bout!?
5%
Fed Baby's Appeal
4%
Fed Baby's Character Witness
4%
Life Before Fame Deal Wit
4%
Life Before Fame Everywhere I Go
4%
Fed Baby's Judgement
4%
Life Before Fame Just Be Rich
4%
Life Before Fame Paranoid
4%
Fed Baby's Plea Deal
4%
Fed Baby's Prime Suspect
4%
Life Before Fame Rangerover
4%
Kane & O-Dog Steppin
4%
Before I Go All Nite
3%
Mind of a Menace 2 Be the Same
3%
Kane & O-Dog Brand New
3%
Mind of a Menace 2 Built for This
3%
Kane & O-Dog I Do This
3%
Kane & O-Dog Kane & O-Dog Intro
3%
Mind of a Menace NBA My Gang
3%
Mind of a Menace No Worries
3%
Kane & O-Dog Skit
3%
Kane & O-Dog The Knowledge
3%
Before I Go Thug wit Me
3%
Life Before Fame Trust No One
3%
Life Before Fame Trust Nothing
3%
Mind of a Menace Until Then
3%
Life Before Fame Yo Night
3%
Mind of a Menace Ain't No Way Around It
2%
Mind of a Menace 2 Alotta Miles
2%
Mind of a Menace Big Timerz
2%
Mind of a Menace 2 Can't Go Like That
2%
Richest Opp Hurt My Head
2%
Mind of a Menace Isolation
2%
Mind of a Menace 2 On My Soul
2%
Mind of a Menace Turn Up
2%
Mind of a Menace 3 Bootin in This
1%
Mind of a Menace Let Me Know
1%
2023 Single No Fake Love
1%
Lost Files Lose Met
0%
Nobody Safe So Bad
0%
No matching quizzes found
Score Distribution
Percent of People with Each Score
Percentile by Number Answered
Your Score History
You have not taken this quiz since the last reset